Football: UEFA Cup/Europa League Top 4 Positions - Statistics

General Stats
  • This quiz has been taken 95 times
    42 since last reset
  • The average score is 171 of 212
Answer Stats
Season Answer % Correct
1991-92 Ajax
100%
1990-91 | 1993-94 | 1997-98 Inter Milan
100%
2009-10 | 2011-12 | 2017-18 Atletico Madrid
97%
1979-80 | 2021-22 Eintracht Frankfurt
97%
Roma
97%
2003-04 Valencia
97%
AC Milan
95%
1987-88 Bayer Leverkusen
95%
1995-96 Bayern Munich
95%
2012-13 | 2018-19 Chelsea
95%
1973-74 | 2001-02 Feyenoord
95%
Hamburger SV
95%
1976-77 | 1989-90 | 1992-93 Juventus
95%
1972-73 | 1975-76 | 2000-01 Liverpool
95%
2016-17 Manchester United
95%
Olympique Marseille
95%
2002-03 | 2010-11 Porto
95%
1977-78 PSV Eindhoven
95%
Rangers
95%
Sporting CP
95%
Arsenal
92%
Atalanta Bergamo
92%
AZ Alkmaar
92%
Benfica
92%
Borussia Dortmund
92%
Celtic
92%
Paris Saint-Germain
92%
1984-85 | 1985-86 Real Madrid
92%
2005-06 | 2006-07 | 2013-14 | +3 others Sevilla
92%
Barcelona
89%
1974-75 | 1978-79 Borussia Mönchengladbach
89%
1971-72 | 1983-84 Tottenham Hotspur
89%
1999-00 Galatasaray
87%
RB Leipzig
87%
2022-23 Sevilla
87%
Werder Bremen
87%
2007-08 Zenit St. Petersburg
87%
Athletic Bilbao
84%
Lokomotive Leipzig
84%
1996-97 Schalke 04
84%
2020-21 Villarreal
84%
Austria Salzburg
82%
Red Bull Salzburg
82%
2008-09 Shakhtar Donetsk
82%
VfB Stuttgart
82%
1. FC Köln
79%
Braga
79%
Club Brugge
79%
Dynamo Kyiv
79%
Fenerbahçe
79%
Hertha BSC
79%
Lazio
79%
1988-89 Napoli
79%
Espanyol
76%
Leeds United
76%
Olympique Lyon
76%
1994-95 | 1998-99 Parma
76%
West Ham United
76%
AS Monaco
74%
Fiorentina
74%
Steaua Bucharest
74%
Universitatea Craiova
74%
1982-83 Anderlecht
71%
Basel
71%
2004-05 CSKA Moscow
71%
Girondins Bordeaux
71%
Newcastle United
71%
1. FC Kaiserslautern
68%
Fulham
68%
Torino
68%
AEK Athens
66%
Bologna
66%
1981-82 | 1986-87 IFK Göteborg
66%
Slavia Prague
66%
Twente Enschede
66%
Grasshopper Club
63%
Spartak Moscow
63%
Hajduk Split
61%
Red Star Belgrade
61%
Ferencvaros
58%
Genoa
58%
Alaves
55%
Dnipro
55%
1980-81 Ipswich Town
55%
Celta Vigo
53%
Boavista
50%
Auxerre
47%
Dynamo Dresden
47%
Nottingham Forest
47%
Osasuna
47%
Brøndby
45%
Middlesbrough
45%
Wolverhampton Wanderers
45%
Dundee United
42%
Lens
39%
Karlsruher SC
37%
Željezničar Sarajevo
37%
Cagliari
34%
Tirol Innsbruck
32%
Tenerife
29%
Videoton
29%
Radnički Niš
26%
MSV Duisburg
24%
Sochaux
24%
Bastia
21%
Bohemians Prague
18%
Waregem
16%
Molenbeek
13%
No matching quizzes found
Score Distribution
Percent of People with Each Score
Percentile by Number Answered
Your Score History
You have not taken this quiz since the last reset